Cheiro's language of the hand / (Record no. 178784)

MARC details
000 -LEADER
fixed length control field 00601nam a22001937a 4500
005 - DATE AND TIME OF LATEST TRANSACTION
control field 20210413151015.0
010 ## - LCCN (DPL NO)
LC control number B-739796
020 ## - INTERNATIONAL STANDARD BOOK NUMBER
International Standard Book Number 9788176042529
Terms of availability 110.00
035 ## - SYSTEM CONTROL NUMBER
System control number B-739796
037 ## - SOURCE OF ACQUISITION
Source of stock number/acquisition Gift
082 ## - DEWEY DECIMAL CLASSIFICATION NUMBER
Classification number 133.6
100 ## - MAIN ENTRY--PERSONAL NAME
Personal name Cheiro's
245 ## - TITLE STATEMENT
Title Cheiro's language of the hand /
Statement of responsibility, etc by Cheiro
260 ## - PUBLICATION, DISTRIBUTION, ETC. (IMPRINT)
Place of publication, distribution, etc Delhi
Name of publisher, distributor, etc Raja Pocket Books
Date of publication, distribution, etc 2011
270 ## - ADDRESS
Address 330/1, Burari
City Delhi
Postal code 110084
300 ## - PHYSICAL DESCRIPTION
Extent 195p.:
Dimensions 22cm(pbk)
Other physical details ill.
942 ## - ADDED ENTRY ELEMENTS (KOHA)
Source of classification or shelving scheme Dewey Decimal Classification
Item type English Books
Call number suffix CHE
Classification part 133.6
Holdings
Withdrawn status Lost status Not for loan Collection code Home library Current library Date acquired Source of acquisition Cost, normal purchase price Full call number Barcode Copy number Cost, replacement price Koha item type Public note
      Non-fiction Central Library Central Library 13/04/2021 Gift/Eng/05-04-2021 110.00 133.6 CHE B-739796 1 110.00 English Books Gift

© Delhi Public Library
Hit Counter
free hit counter